7 Continents Quiz - Statistics

General Stats
  • This quiz has been taken 51 times
  • The average score is 6 of 7
Answer Stats
Picture Answer % Correct
Asia
95%
North America
95%
South America
95%
Africa
92%
Antarctica
92%
Europe
92%
Oceania
76%
No matching quizzes found
Score Distribution
Percent of People with Each Score
Percentile by Number Answered
Your Score History
You have not taken this quiz